<?xml version="1.0" encoding="UTF-8"?>
<collection xmlns="http://www.loc.gov/MARC21/slim">
<record>
  <controlfield tag="001">7225</controlfield>
  <controlfield tag="005">20250106083105.0</controlfield>
  <datafield tag="100" ind1=" " ind2=" ">
    <subfield code="a">Lecocq, Thomas</subfield>
  </datafield>
  <datafield tag="245" ind1=" " ind2=" ">
    <subfield code="a">Seismic Activity in/around Belgium in 2023</subfield>
  </datafield>
  <datafield tag="260" ind1=" " ind2=" ">
    <subfield code="c">2024</subfield>
  </datafield>
  <datafield tag="269" ind1=" " ind2=" ">
    <subfield code="c">2024-01-05</subfield>
  </datafield>
  <datafield tag="520" ind1=" " ind2=" ">
    <subfield code="a">In 2023, 120 earthquakes and 3 induced earthquakes were located by the Royal Observatory of Belgium in or near Belgium. Six earthquakes were felt by the population near the Belgian territory (Germany).</subfield>
  </datafield>
  <datafield tag="536" ind1=" " ind2=" ">
    <subfield code="a">Royal Observatory of Belgium/</subfield>
    <subfield code="c">Royal Observatory of Belgium/</subfield>
    <subfield code="f">Royal Observatory of Belgium</subfield>
  </datafield>
  <datafield tag="594" ind1=" " ind2=" ">
    <subfield code="a">NO</subfield>
  </datafield>
  <datafield tag="653" ind1="1" ind2=" ">
    <subfield code="a">Seismic Activity</subfield>
  </datafield>
  <datafield tag="653" ind1="1" ind2=" ">
    <subfield code="a">Belgian Seismic Network</subfield>
  </datafield>
  <datafield tag="700" ind1=" " ind2=" ">
    <subfield code="a">Vanneste, Kris</subfield>
  </datafield>
  <datafield tag="700" ind1=" " ind2=" ">
    <subfield code="a">Van Noten, Koen</subfield>
  </datafield>
  <datafield tag="856" ind1="0" ind2=" ">
    <subfield code="f">koen.vannoten@ksb-orb.be</subfield>
  </datafield>
  <datafield tag="856" ind1="4" ind2="2">
    <subfield code="a">https://www.astro.oma.be/en/seismic-activity-inaround-belgium-in-2023/#:~:text=In%202023%2C%20120%20earthquakes%20and,N%20latitude%20(Figure%201).</subfield>
  </datafield>
  <datafield tag="856" ind1="4" ind2=" ">
    <subfield code="s">3365982</subfield>
    <subfield code="u">http://publi2-as.oma.be/record/7225/files/Annual Seismicity_EN.png</subfield>
  </datafield>
  <datafield tag="856" ind1="4" ind2=" ">
    <subfield code="s">369801</subfield>
    <subfield code="u">http://publi2-as.oma.be/record/7225/files/2023-Seismic_Activity-EN.pdf</subfield>
  </datafield>
  <datafield tag="856" ind1="4" ind2=" ">
    <subfield code="s">10927</subfield>
    <subfield code="u">http://publi2-as.oma.be/record/7225/files/2023-Seismic_Activity-EN.gif?subformat=icon</subfield>
    <subfield code="x">icon</subfield>
  </datafield>
  <datafield tag="856" ind1="4" ind2=" ">
    <subfield code="s">13107</subfield>
    <subfield code="u">http://publi2-as.oma.be/record/7225/files/Annual Seismicity_EN.jpg?subformat=icon-180</subfield>
    <subfield code="x">icon-180</subfield>
  </datafield>
  <datafield tag="856" ind1="4" ind2=" ">
    <subfield code="s">14442</subfield>
    <subfield code="u">http://publi2-as.oma.be/record/7225/files/2023-Seismic_Activity-EN.jpg?subformat=icon-180</subfield>
    <subfield code="x">icon-180</subfield>
  </datafield>
  <datafield tag="856" ind1="4" ind2=" ">
    <subfield code="s">16008</subfield>
    <subfield code="u">http://publi2-as.oma.be/record/7225/files/Annual Seismicity_EN.gif?subformat=icon</subfield>
    <subfield code="x">icon</subfield>
  </datafield>
  <datafield tag="980" ind1=" " ind2=" ">
    <subfield code="a">PRESSREL</subfield>
  </datafield>
</record>
</collection>